000 00666nam a2200205 a 4500
001 000039295
003 DO-SdBNP
005 20220617104305.0
007 ta
008 130621s2013 dr ac 000 0 spa d
020 _a9789945007770
040 _aDO-SdBNP
_bspa
_cBNPHU
100 1 _aNúñez, Rafael
_91366
245 1 0 _aTramas ocultas de una campaña electoral /
_cRafael Núñez ; prólogo Vinicio Castillo Semán.
260 _aSanto Domingo :
_bSerigraf,
_c2013.
300 _a130 p. :
_bil., retrs. ;
_c23 cm.
500 _aIncluye datos biográficos del autor en la contracubierta
700 1 _aCastillo Semán, Vinicio,
_epról.
_965486
942 _2ddc
_cLBS1
999 _c38785
_d38785